00482nam a2200181 a 4500001001300000003000900013005001700022008004100039020000900080082001800089100002000107245005100127260003600178300000900214500003500223650002200258700002000280nice12345678IN_TiNIC20260116011815.0050524s1967 luca grp 000 0 urd  ac1200a891.4391bMUZ aMuzafar, Hanafi aEk Tha Sha`irb Shaad Arfi, Fnn Aur Shakhsiyat aLucknowbNaseem Book Depoc1967 a850p aincludes index and biblioraphy aUrdu-Poetry-poets1 aMuzafar, Hanafi